| 000 | 01392nam a22002537a 4500 | ||
|---|---|---|---|
| 005 | 20091005103526.0 | ||
| 008 | 091005t xxu||||| |||| 00| 0 HIN d | ||
| 010 | _aHIN-87966 | ||
| 020 |
_a8187449527 _c150.00 |
||
| 035 | _aHN-60312 | ||
| 037 | _bDBAD / PUB | ||
| 040 |
_aDPL _bHN |
||
| 082 | _a333.707 | ||
| 100 | _aपारीक, पंकज | ||
| 245 |
_aपर्यावरण शिक्षा : _cपंकज पारीक _b(बी.एड./शिक्षा शास्त्री के नवीनतम पाठ्यक्रमानुसार) / |
||
| 246 |
_aParayavarana shikshaa _bby Pankaj Parikh |
||
| 260 |
_aजयपुर _bजैन प्रकाशन _cव.अ. |
||
| 270 |
_a1024, चपलावत जैन मैन्शन , सिंघी जी का रास्ता, चौड़ा रास्ता _bजयपुर _e302003 _k(ऑ) 2319515 (नि.) 2652639 मो. 9414075944 |
||
| 300 |
_aवि.पृ. _c22सेमी (अजिल्द) |
||
| 650 |
_aपर्यावरण शिक्षा _zIndia |
||
| 650 |
_aEnvironmental education _zIndia |
||
| 942 |
_2ddc _cHN _mपारीक _h333.707 |
||
| 999 |
_c30768 _d30768 |
||